Family delights of the north

Bibliographic Details
Main Author: Zakiah Hanum
Format: Book
Published: Kuala Lumpur : Berita Publishing , 1993
Subjects:

MARC

LEADER 00000cam a2200000 7i4500
001 0000005760
002 000006227
005 20000330.0
020 |a 9679693104 
090 0 0 |a 641.5929922   |b ZAK 
100 0 |a Zakiah Hanum 
245 1 0 |a Family delights of the north   |c Zakiah Hanum ; photography by V. Chanthiran 
260 |a Kuala Lumpur :   |b Berita Publishing ,   |c 1993 
300 |a 111p. :   |b ill. ;   |c 29cm. 
650 0 0 |a Cookery, Malays 
999 |a 030993   |b BUKU   |c PINJAMAN   |e PERPUSTAKAAN KOMUNITI PETALING JAYA 
999 |a 030994   |b BUKU   |c PINJAMAN   |e PERPUSTAKAAN KOMUNITI PETALING JAYA 
999 |a 030995   |b BUKU   |c PINJAMAN   |e PERPUSTAKAAN KOMUNITI PETALING JAYA